Normal view MARC view
  • CHANDAN, D.B. AND JIT, S.

Entry Personal Name

Number of records used in: 1

001 - CONTROL NUMBER

  • control field: 4629

003 - CONTROL NUMBER IDENTIFIER

  • control field: OSt

005 - DATE AND TIME OF LATEST TRANSACTION

  • control field: 20180726125306.0

008 - FIXED-LENGTH DATA ELEMENTS

  • fixed length control field: 180726|| aca||aabn | a|a d

040 ## - CATALOGING SOURCE

  • Original cataloging agency: OSt
  • Transcribing agency: OSt

100 ## - HEADING--PERSONAL NAME

  • Personal name: CHANDAN, D.B. AND JIT, S.

670 ## - SOURCE DATA FOUND

  • Source citation: Work cat.: (OSt)724: CHANDAN, D.B. AND JIT, S., Organizational Behaviour, 1994